[Event "Arandjelovac op 2nd"]
[Site "Arandjelovac"]
[Date "2023.08.06"]
[Round "9"]
[White "Farhat, Jawad"]
[Black "Djoric, Dusan"]
[Result "1/2-1/2"]
[WhiteElo "1847"]
[BlackElo "2084"]
[PlyCount "65"]
[EventDate "2023.07.31"]
[EventType "swiss"]
[EventRounds "9"]
[EventCountry "SRB"]
[SourceTitle "CBM 215 Extra"]
[Source "ChessBase"]
[SourceDate "2023.09.30"]
[SourceVersion "1"]
[SourceVersionDate "2023.09.30"]
[SourceQuality "1"]

1. c4 e5 2. Nc3 Nf6 3. g3 c6 4. d4 exd4 5. Qxd4 d5 6. cxd5 Nxd5 7. Nxd5 Qxd5 8. Qxd5 cxd5 9. Bg2 Bb4+ 10. Bd2 Bxd2+ 11. Kxd2 Be6 12. Nf3 Nc6 13. Rac1 Rc8 14. Rc5 Kd7 15. Rhc1 Kd6 16. e3 h6 17. h3 Ne5 18. Rxc8 Nxf3+ 19. Bxf3 Rxc8 20. Rxc8 Bxc8 21. h4 a5 22. Kc3 Kc5 23. a3 a4 24. Be2 Bd7 25. g4 g5 26. hxg5 hxg5 27. f3 f6 28. Bd3 Bc6 29. Bf5 b6 30. f4 Bb5 31. Bd3 Bd7 32. fxg5 fxg5 33. Be2 1/2-1/2

[Event "Online Olym Div3 C"]
[Site "Chess.com INT"]
[Date "2020.08.07"]
[Round "1.1"]
[White "Farhat, Jawad"]
[Black "Nomenjanahary, Fanilo"]
[Result "1-0"]
[WhiteElo "1773"]
[BlackElo "1399"]
[PlyCount "49"]
[EventDate "2020.08.07"]
[EventType "team-tourn (rapid)"]
[EventRounds "9"]
[EventCountry "USA"]
[SourceTitle "CBM 198"]
[Source "ChessBase"]
[SourceDate "2020.10.31"]
[SourceVersion "1"]
[SourceVersionDate "2020.10.31"]
[SourceQuality "1"]
[WhiteTeam "Lebanon"]
[BlackTeam "Madagascar"]
[WhiteTeamCountry "LBN"]
[BlackTeamCountry "MAD"]

1. c4 Nf6 2. Nc3 g6 3. g3 Bg7 4. Bg2 0-0 5. e3 d6 6. Nge2 c5 7. 0-0 Nc6 8. d3 a6 9. a3 Rb8 10. Rb1 e6 11. b4 cxb4 12. axb4 d5 13. b5 axb5 14. cxb5 Ne7 15. Ba3 Re8 16. Qb3 Nf5 17. e4 Ne7 18. e5 Ng4 19. d4 Bd7 20. Na4 Nf5 21. Rfc1 Bh6 22. Rc2 Bf8 23. Bxf8 Rxf8 24. Nc5 b6 25. Na6 1-0

[Event "Online Olym Div3 C"]
[Site "Chess.com INT"]
[Date "2020.08.07"]
[Round "3.2"]
[White "Sameer, Loay"]
[Black "Farhat, Jawad"]
[Result "1-0"]
[WhiteElo "2197"]
[BlackElo "1773"]
[PlyCount "101"]
[EventDate "2020.08.07"]
[EventType "team-tourn (rapid)"]
[EventRounds "9"]
[EventCountry "USA"]
[SourceTitle "CBM 198"]
[Source "ChessBase"]
[SourceDate "2020.10.31"]
[SourceVersion "1"]
[SourceVersionDate "2020.10.31"]
[SourceQuality "1"]
[WhiteTeam "Jordan"]
[BlackTeam "Lebanon"]
[WhiteTeamCountry "JOR"]
[BlackTeamCountry "LBN"]

1. Nf3 Nf6 2. g3 g6 3. Bg2 Bg7 4. 0-0 0-0 5. d4 d5 6. c4 c6 7. Nc3 Re8 8. Ne5 dxc4 9. Nxc4 Nbd7 10. e4 Nb6 11. Ne3 h5 12. e5 Nfd5 13. Nexd5 Nxd5 14. Nxd5 cxd5 15. Qb3 e6 16. Bd2 Qb6 17. Qa4 Qc6 18. Qxc6 bxc6 19. Rfc1 Bd7 20. b3 Rec8 21. Bb4 a5 22. Bc5 Rcb8 23. Bf1 Bf8 24. Rab1 Bxc5 25. Rxc5 Rb4 26. a3 Rxd4 27. b4 axb4 28. axb4 Rb8 29. b5 cxb5 30. Rc7 Be8 31. Rbc1 Rb4 32. Rc8 Rxc8 33. Rxc8 Kf8 34. Rb8 Rb1 35. Kg2 Rb2 36. Kf3 Ke7 37. Ke3 b4 38. Rb7+ Kd8 39. Ba6 Bd7 40. Kd4 Rc2 41. Rxb4 Rxf2 42. h4 Rd2+ 43. Ke3 Rc2 44. Bd3 Rc7 45. Kf4 Kc8 46. Kg5 Be8 47. Kf6 d4 48. Ba6+ Kd8 49. Rb8+ Kd7 50. Bb5+ Rc6 51. Bxc6+ 1-0

[Event "Online Olym Base B"]
[Site "Chess.com INT"]
[Date "2020.07.25"]
[Round "2.4"]
[White "Bongo Ngombele, Tary"]
[Black "Farhat, Jawad"]
[Result "0-1"]
[WhiteElo "1688"]
[BlackElo "1773"]
[PlyCount "46"]
[EventDate "2020.07.25"]
[EventType "team-tourn (rapid)"]
[EventRounds "9"]
[EventCountry "USA"]
[SourceTitle "CBM 198"]
[Source "ChessBase"]
[SourceDate "2020.10.31"]
[SourceVersion "1"]
[SourceVersionDate "2020.10.31"]
[SourceQuality "1"]
[WhiteTeam "Gabun"]
[BlackTeam "Lebanon"]
[WhiteTeamCountry "GAB"]
[BlackTeamCountry "LBN"]

1. e4 e6 2. d4 d5 3. e5 c5 4. c3 Nc6 5. Nf3 Qb6 6. Be2 cxd4 7. cxd4 Nge7 8. b3 Nf5 9. Bb2 Bb4+ 10. Kf1 Bd7 11. a3 Be7 12. g4 Nh6 13. h3 Rc8 14. Kg2 0-0 15. Nbd2 f6 16. b4 fxe5 17. dxe5 Nf7 18. h4 Nh6 19. Kg3 Rf7 20. Nb3 Rcf8 21. b5 Na5 22. Bd4 Qd8 23. Bxa7 Rf4 0-1

[Event "Arab-ch 2017 U16"]
[Site "Sharjah"]
[Date "2018.01.29"]
[Round "4.5"]
[White "Farhat, Jawad"]
[Black "Aladsani, Samer"]
[Result "0-1"]
[WhiteElo "1625"]
[BlackElo "1717"]
[PlyCount "76"]
[EventDate "2018.01.??"]
[EventType "swiss"]
[EventRounds "9"]
[EventCountry "UAE"]
[SourceTitle "EXT 2024"]
[Source "ChessBase"]
[SourceDate "2023.10.10"]
[SourceVersion "1"]
[SourceVersionDate "2023.10.10"]
[SourceQuality "1"]

1. d4 Nf6 2. c4 g6 3. Nc3 d5 4. Nf3 Bg7 5. e3 0-0 6. Bd3 dxc4 7. Bxc4 c5 8. 0-0 Nc6 9. dxc5 Qa5 10. Qe2 Qxc5 11. h3 Na5 12. Bd3 b6 13. Ne4 Nxe4 14. Bxe4 Bb7 15. Bxb7 Nxb7 16. Rb1 e6 17. b4 Qe7 18. Bb2 Rfd8 19. Bxg7 Kxg7 20. Nd4 Rac8 21. b5 Na5 22. Rfc1 Rxc1+ 23. Rxc1 Qb4 24. Rc7 Qb1+ 25. Kh2 Qe4 26. Rxa7 Rxd4 27. Qb2 Qe5+ 28. g3 Rd5 29. Qxe5+ Rxe5 30. a4 Rd5 31. Kg2 Kf6 32. Kf3 Rd2 33. Ra6 Nc4 34. g4 h5 35. Kg3 hxg4 36. hxg4 Ke5 37. Ra7 Nd6 38. Ra6 Ne4+ 0-1

[Event "Beirut op 9th"]
[Site "Beirut"]
[Date "2017.10.02"]
[Round "4"]
[White "Farhat, Jawad"]
[Black "Wafa, Shahenda"]
[Result "0-1"]
[WhiteElo "1592"]
[BlackElo "2150"]
[PlyCount "138"]
[EventDate "2017.09.30"]
[EventType "swiss"]
[EventRounds "9"]
[EventCountry "LBN"]
[SourceTitle "CBM 181 Extra"]
[Source "ChessBase"]
[SourceDate "2017.12.12"]
[SourceVersion "1"]
[SourceVersionDate "2017.12.12"]
[SourceQuality "1"]

1. d4 Nf6 2. Nf3 g6 3. Bf4 Bg7 4. e3 0-0 5. Bd3 d6 6. h3 c6 7. 0-0 Nbd7 8. c3 Qc7 9. Qc2 e5 10. Bh2 Re8 11. Nbd2 c5 12. dxe5 dxe5 13. e4 Nh5 14. Rad1 Nf8 15. Bc4 Ne6 16. Nb3 Nhf4 17. Rd2 a6 18. Rfd1 Rb8 19. Bxe6 Nxe6 20. Rd5 c4 21. Nc1 Nf4 22. Bxf4 exf4 23. Ne2 Be6 24. R5d2 b5 25. Nfd4 Bc8 26. f3 a5 27. Rb1 b4 28. Qd1 Be5 29. Kf1 Qb6 30. Rc1 Ba6 31. Ke1 Rbd8 32. Kf1 Rd6 33. Rb1 Red8 34. Rc1 Qc5 35. Ke1 Bc8 36. Qc2 bxc3 37. bxc3 f5 38. Rb1 fxe4 39. Rb5 Qxb5 40. Nxb5 Rxd2 41. Qxe4 R2d5 42. Qxc4 Be6 43. Kf2 Bf7 44. Qc6 Rd2 45. a4 Ra2 46. Nbd4 Bxd4+ 47. cxd4 Rb8 48. d5 Rbb2 49. Qc8+ Kg7 50. Qc3+ Kh6 51. Qd4 Rxe2+ 52. Kg1 Rxg2+ 53. Kf1 Rgb2 54. Qxf4+ Kg7 55. Qd4+ Kg8 56. Qd1 Rd2 57. Qb1 Bxd5 58. Qb8+ Kf7 59. Qc7+ Ke6 60. Qc8+ Ke5 61. Qh8+ Kf4 62. Qf6+ Ke3 63. Qg5+ Kxf3 64. Qg4+ Ke3 65. Qg5+ Kd4 66. Qf6+ Kd3 67. Qa6+ Kc3 68. Qxa5+ Kd4 69. Qb6+ Ke4 0-1

[Event "Soviet Alumni op"]
[Site "Soviet Alumni"]
[Date "2016.12.27"]
[Round "4"]
[White "Sharbel, Marwan"]
[Black "Farhat, Jawad"]
[Result "1-0"]
[WhiteElo "1949"]
[BlackElo "1565"]
[PlyCount "64"]
[EventDate "2016.12.22"]
[EventType "swiss"]
[EventRounds "7"]
[EventCountry "LBN"]
[SourceTitle "CBM 176 Extra"]
[Source "ChessBase"]
[SourceDate "2017.03.02"]
[SourceVersion "1"]
[SourceVersionDate "2017.03.02"]
[SourceQuality "1"]

1. d4 Nf6 2. c4 d6 3. Nc3 g6 4. Nf3 Bg7 5. e4 0-0 6. h3 Nbd7 7. Be3 e5 8. d5 Ne8 9. a4 b6 10. Be2 Bb7 11. Qd2 c6 12. Bg5 f6 13. Bh6 cxd5 14. cxd5 a6 15. Bxg7 Kxg7 16. h4 Rc8 17. g4 f5 18. h5 f4 19. 0-0-0 b5 20. Kb1 Qa5 21. Bd3 b4 22. Ne2 Qb6 23. Nc1 a5 24. hxg6 hxg6 25. Rh6 Rh8 26. Rdh1 Rxh6 27. Rxh6 Nf8 28. Bc2 Ba6 29. Ne1 Qd8 30. Nf3 Qb6 31. Rh1 Nc7 32. Qe1 Nb5 1-0

[Event "LIB-ch sf"]
[Site "Beirut"]
[Date "2016.10.02"]
[Round "6"]
[White "Farhat, Jawad"]
[Black "El Ayyash, Rawad"]
[Result "1/2-1/2"]
[WhiteElo "1565"]
[BlackElo "1842"]
[PlyCount "152"]
[EventDate "2016.09.27"]
[EventType "swiss"]
[EventRounds "6"]
[EventCountry "LBN"]
[SourceTitle "EXT 2018"]
[Source "ChessBase"]
[SourceDate "2017.10.13"]
[SourceVersion "1"]
[SourceVersionDate "2017.10.13"]
[SourceQuality "1"]

1. d4 Nf6 2. c4 e6 3. Nf3 b6 4. Nc3 Bb4 5. Bg5 0-0 6. e3 d5 7. Qc2 Nbd7 8. Be2 c5 9. 0-0 Bxc3 10. bxc3 Bb7 11. Nd2 h6 12. Bh4 Qe7 13. Bf3 g5 14. Bg3 g4 15. Be2 Kh8 16. Bh4 Qd6 17. Bg3 Qc6 18. f3 h5 19. Rab1 Rg8 20. fxg4 hxg4 21. Rf2 Raf8 22. Rbf1 Rg6 23. Bd3 Rh6 24. Bf4 Rh5 25. Bg3 Kg7 26. Qd1 Rfh8 27. Be2 Rg5 28. Be5 dxc4 29. e4 Rh6 30. Bf4 Nh7 31. Bxg5 Nxg5 32. Bxg4 cxd4 33. cxd4 Qd6 34. h3 Qxd4 35. Nxc4 Qxd1 36. Rxd1 Nc5 37. e5 Bd5 38. Nd6 Nce4 39. Rc2 Nc5 40. Nc8 Nd7 41. Nxa7 Nxe5 42. Be2 Rh4 43. Bb5 f5 44. Nc6 Kf6 45. Nxe5 Kxe5 46. Re1+ Kd6 47. Rec1 Rb4 48. a4 Ne4 49. Bc6 Bb3 50. Bxe4 Rxe4 51. Rb2 Bxa4 52. Rxb6+ Ke5 53. Kf2 Be8 54. Re1 Rxe1 55. Kxe1 f4 56. Kd2 Bg6 57. Rb5+ Kf6 58. Ke2 e5 59. Kf3 Bh5+ 60. Ke4 Bg6+ 61. Kd5 Bd3 62. Rc5 Bf1 63. Rc2 Kf5 64. Rf2 Bd3 65. Rd2 Be4+ 66. Kd6 Ba8 67. Ra2 Bb7 68. Re2 e4 69. Rb2 Ba6 70. Kd5 e3 71. Rb1 Bd3 72. Rg1 Be4+ 73. Kd4 e2 74. Re1 Bxg2 75. Rxe2 Bxh3 76. Rf2 Bg4 1/2-1/2